[Event "EU-Cup 32nd"]
[Site "Novi Sad"]
[Date "2016.11.06"]
[Round "1.1"]
[White "Sethuraman, SP."]
[Black "Kharchenko, Boris"]
[Result "1-0"]
[WhiteElo "2649"]
[BlackElo "2450"]
[Annotator "Sethuraman,SP"]
[PlyCount "123"]
[EventDate "2016.11.06"]
[EventType "team-swiss"]
[EventRounds "7"]
[EventCountry "SRB"]
[SourceTitle "CBM 176"]
[Source "ChessBase"]
[SourceDate "2017.01.17"]
[SourceVersion "1"]
[SourceVersionDate "2017.01.17"]
[SourceQuality "1"]
[WhiteTeam "Itaka"]
[BlackTeam "LugPokerChess"]
[WhiteTeamCountry "SRB"]
[BlackTeamCountry "RUS"]

{This was my first time in the European Club Cup playing for the Serbian team
Itaka on the first board. Before the event I played for the same team in the
Serbian league just one month back when we perfomed really well and personally
I did too :) It was nice to return to Serbia and to represent the same team
with all the positive vibes around :)} 1. d4 d5 2. c4 c6 3. Nf3 Nf6 4. e3 Bf5
5. Nc3 e6 6. Nh4 Be4 7. f3 Bg6 8. Qb3 Qc7 9. Bd2 Nbd7 $6 {Already this move
was slightly inacurate compared to 9...Be7 as played later by Mamedov Rauf in
the fourth round against me in the same tournament as when White takes with 10.
cxd5 he can take with 10...cxd5 and the knight comes to c6 which is not
possible now .} (9... Be7 10. cxd5 cxd5) 10. cxd5 exd5 (10... Nxd5 {is the
only right way to continue but White still retains a slightly better position
with a strong centre after} 11. e4 Nxc3 12. Nxg6 (12. bxc3 Bh5) 12... hxg6 13.
bxc3 Bd6 (13... Rxh2 14. Rxh2 Qxh2 15. Qxb7 $16) 14. e5) (10... cxd5 $2 11. Nb5
Qd8 12. Rc1 $18 {and the knight on d7 is completely misplaced.}) 11. e4 $1 dxe4
12. Nxg6 hxg6 13. fxe4 Nb6 14. e5 (14. a4 a5 15. Be2 Bb4 16. e5 Nfd5 17. O-O
Rh4) 14... Nfd5 15. Be2 (15. a4 $1 {I forgot this important move which was in
my notes when I later checked it after the game. It creates some weakness for
Black as he is forced to play ...a5:} a5 (15... Rh4 16. Ne2 $1 {[%cal Gg2g3]})
16. Nxd5 (16. Be2 Rh4) 16... Nxd5 17. Bc4 {and White is much better with
castling to follow and Black's a5-pawn becomes a big weakness when he castles
long.}) 15... Rh4 $1 {A rook sortie creating some imbalance in the position.}
16. g4 Be7 (16... O-O-O $142 17. O-O-O Be7 {and maybe Black is fine.}) 17. a4
$1 {Provoking Black to play ...a5.} a5 18. Ne4 (18. O-O-O $1 Bb4 (18... Rh3 19.
Bf1) (18... O-O-O 19. Ne4 {[%csl Ra5]}) 19. Kb1 Rh8 (19... O-O-O 20. Bg5 Rh3
21. Bxd8 Qxd8 22. Rd3 $16) 20. Ne4 $14) 18... Nd7 19. Qg3 $6 (19. O-O-O $142 {
and again this was the right way to keep some advantage.}) 19... Rh8 (19... Qb6
$1 20. Bc3 O-O-O {[%csl Re1] and Black is completely fine.}) 20. O-O f6 21.
Nd6+ $6 {I played this move very fast which turned out to be a big mistake
based on simple miscalculation. It was not necessary to release the tension so
quickly.} (21. Bc4 {was very strong, attacking the key knight on d5 which is
holding the black position together.} Qb6 (21... fxe5 22. Bxd5 cxd5 23. Nc3 $16
) 22. Qf2 f5 (22... fxe5 23. Bxd5 cxd5 24. Qf7+) (22... O-O-O 23. Bxd5 cxd5 24.
Nc3 $16) 23. Bxd5 cxd5 24. Nc3 $16) 21... Bxd6 22. exd6 Qb6 23. Bc3 O-O-O 24.
Bf3 {And I thought Black has no good squares for the d7-knight simply missing
the fact that he has ...Ne5!} Ne5 {Already here it was bit disappointing for
me to have spoiled a very good advantage in the very first round of the
tournament but my only consolation was my opponent had very much less time
something like 4 mins.} 25. Be4 Nc4 26. Bxg6 Nxd6 27. Rfe1 $2 (27. Rae1 Rh6 28.
Bc2 {and the computer proves that White is not worse at all as I thought I was
during the game.} g5 29. Re6 Nf4 30. Rxf4 $1 {the difference of having the
white rook on f1...}) 27... Rh6 28. Bd3 g5 $1 $17 29. Bf1 Nf4 30. b4 {Trying
to scare my opponent :) who was very low on time was the only way after
messing up my position to a great extent. Sometimes it does work as my
opponent went wrong on his very next move.} axb4 $2 (30... Rdh8 31. bxa5 Qa7 {
and Black is just winning.}) 31. a5 Qa7 (31... Qc7 32. Bxb4 Rdh8 33. a6) 32. a6
$1 b5 (32... Kd7 33. axb7 Qxb7 34. Rab1 $13) 33. Bxb4 Qxd4+ 34. Qe3 (34. Qf2
Qxf2+ 35. Kxf2 Kd7 36. a7 Ra8 37. Rad1 Nd5 38. Bc5 Rxh2+ 39. Bg2 Nc8 $1 {
and Black is close to a draw.}) 34... Qxe3+ 35. Rxe3 Nd5 36. Rea3 (36. Re6 Nxb4
37. Rxd6 Rdh8 38. a7 Kc7 $1 39. Rd2 Ra8 $11) (36. a7 Kb7) 36... Kd7 (36... Nxb4
$142 37. a7 Kb7 38. a8=Q+ Rxa8 39. Rxa8 Ne4) 37. Bc5 Ra8 {This is a bit
passive.} (37... Ne4 $1) 38. Bg2 {Now I stop Black's activity and the pawn on
a6 is dangerous.} Nc4 39. Rd3 Ne5 40. Rxd5+ $1 cxd5 41. Bxd5 {[%csl Gc5,Gd5]}
Rhh8 (41... Nc6 42. a7) 42. a7 Rhc8 (42... Nc6 {and here there are many
winning options for White} 43. Rf1 (43. Ra6)) 43. Ra6 (43. Be4 $1 Rc6 (43...
Nc6 44. Bb6) 44. h3 $18 {[%cal Ga1b1,Gb1b5] and Black is unable to move.})
43... Rc6 (43... Nc6 44. Be4 Rc7 45. Kf2 $16) 44. Bxc6+ Nxc6 45. Kf2 b4 (45...
Kc7 46. Ke3 Kb7 47. Rb6+ Kc7 48. Ke4 Nxa7 (48... Rxa7 49. Rxc6+ $18) 49. Rxf6
$16) 46. Ke3 Kc7 (46... b3 47. Kd2 Kc7 48. Kc3 Kb7 49. Rb6+ Kc7 50. Kxb3 Nxa7
51. Rxf6 $18 {[%csl Ra7]}) 47. h3 (47. Kd3 Kb7 (47... Rd8+ 48. Kc4 Kb7 49. Kb5)
48. Ra4 $5 b3 (48... Rd8+ 49. Ke4 Ka8 50. h3 b3 51. Ra3 b2 52. Rb3 Rd2 53. Rb6
Rh2 (53... Nxa7 54. Bd4 $18) 54. Kd5 Nxa7 55. Bd4 Rxh3 56. Rxb2 {and the
position looks very unpleasant for Black because the knight on a7 is not
coming into play.}) (48... Nxa7 49. Bd4 {[%csl Rf6,Rg5] and the pawns on f6
and g5 fall}) 49. Ra3 $1 (49. Kc3 $4 Nxa7 50. Kxb3 (50. Bd4 Nb5+ $19) 50... Nc6
$11) 49... Nxa7 50. Bd4 b2 $1 51. Bxb2 Rh8 52. Ke4 Rxh2 53. Bxf6 Nb5 54. Rd3
Kc6 55. Bxg5 {and Black makes a draw here.}) (47. Ra4 b3 48. Kd3 Kb7) 47... Kb7
48. Rb6+ Kc7 49. Ke4 Re8+ $2 (49... Nxa7 {is just a draw here.}) 50. Kf5 Re5+
51. Kxf6 Rxc5 52. a8=Q Kxb6 {I thought it to be simply winning during the game
since I have this h4 sacrificing the h-pawn for g4-g5-g6 but it's not at all
that easy and moreover it's just equal, not anything more than that.} 53. Qa2 (
53. h4 gxh4 54. g5 h3 55. g6 h2 56. Qh8 Rc2 57. g7 Rf2+) 53... Nd4 $2 (53...
Rb5 {[%cal Gb4b3] in perfect cordination and Black is fine.}) 54. Qd2 Nc2 55.
Qd3 Kb7 56. h4 $1 {And now this works because of the lack of coordination
between the black pieces.} gxh4 57. g5 Rc6+ 58. Ke5 Na3 59. g6 Nc4+ 60. Kf4 Rc7
61. Qd5+ Kb6 62. g7 {After some drama finally I won my game and my team won as
well.} 1-0

[Event "St Petersburg op2"]
[Site "St Petersburg"]
[Date "1994.??.??"]
[Round "7"]
[White "Shipov, Sergei"]
[Black "Kobalia, Mihail"]
[Result "1/2-1/2"]
[WhiteElo "2525"]
[BlackElo "2415"]
[Annotator "Shipov,S"]
[PlyCount "82"]
[EventDate "1994.10.??"]
[EventType "swiss"]
[EventRounds "9"]
[EventCountry "RUS"]
[SourceTitle "CBM 043 Extra"]
[Source "ChessBase"]
[SourceDate "1995.01.01"]
[SourceVersion "1"]
[SourceVersionDate "1995.01.01"]
[SourceQuality "1"]

1. d4 d5 2. c4 c6 3. Nf3 Nf6 4. e3 Bf5 5. Nc3 e6 6. Nh4 Be4 7. f3 Bg6 8. Qb3
Qc7 (8... Qb6 $5) 9. Bd2 $1 $146 (9. Nxg6 hxg6 10. f4 Nbd7 11. Be2 Bd6 12. Bd2
dxc4 $1 13. Bxc4 b5 14. Be2 b4 $1 15. Na4 c5 $15 {Shevelev,S-Gentilleau,T/
Cannes/1993/}) (9. g3 Nbd7 10. Bd2 Nb6 $1 11. Nxg6 hxg6 12. cxd5 exd5 13. O-O-O
$10 {Malaniuk,V-Gurevich,M/Groningen/1993/0,5/13/}) 9... Bd6 (9... Be7 $5) 10.
cxd5 (10. O-O-O $14) 10... exd5 11. O-O-O $1 Nbd7 (11... Bxh2 $6 12. f4 $16)
12. e4 Be7 $1 (12... dxe4 13. Nxg6 hxg6 14. fxe4 $16) 13. e5 $2 (13. exd5 $32
cxd5 (13... Nxd5 14. Nxg6 hxg6 15. Nxd5 cxd5+ 16. Kb1 $14) 14. Nxg6 hxg6 15.
Kb1 $14) 13... Nh5 $1 14. Nxg6 $8 hxg6 15. Bd3 (15. g4 $2 Ng3) 15... g5 (15...
O-O-O 16. g4 $18) 16. Ne2 Nf8 $1 17. g4 $6 (17. Kb1 Ne6 18. g3 $10) 17... Nf4
18. Nxf4 (18. Bxf4 gxf4 19. Nxf4 $2 Bg5) 18... gxf4 19. Bxf4 Ne6 20. Be3 (20.
Bg3 Nxd4 21. Qa4 Nxf3 $1 22. e6 Bf6 23. exf7+ Kf8 $17) 20... Rh3 $1 $15 21.
Rhf1 $1 g6 (21... O-O-O 22. Bf5 $5 $132) 22. Kb1 O-O-O 23. Bc2 Kb8 (23... Rdh8
$5) 24. Rd3 {/\f4-f5} Rxh2 $2 (24... c5 25. dxc5 d4 26. Bg1 Nxc5 27. Qxf7 Nxd3
28. Bxd3 $13) (24... g5 $5) 25. f4 c5 26. dxc5 d4 27. Bg1 Rh1 (27... Nxc5 $32
28. Bxh2 $5 Nxb3 29. Bxb3 $14) 28. Rdd1 $16 Rdh8 (28... Nxc5 29. Qf3) 29. f5 (
29. Qd5 $32 $16) 29... gxf5 30. gxf5 Nxc5 31. Qxf7 (31. Qd5 $5) 31... d3 $1 (
31... Qxe5 32. Bxd4 Qxd4 $8 33. Rxd4 Rxf1+ 34. Rd1 $18) 32. Bxd3 Nxd3 33. Rxd3
(33. Bxa7+ $2 Kxa7 34. Rxh1 Rxh1 35. Rxh1 Qxe5 36. Qb3 Qe4 $1 $40) 33... Qxe5
34. Qe6 $2 (34. Qd5 $14) 34... Qxe6 35. fxe6 Bc5 36. Rdd1 Rxg1 37. Rxg1 Bxg1
38. Rxg1 Re8 39. Rg6 $10 Kc7 40. Kc2 Kd6 41. e7+ Kd7 1/2-1/2

[Event "Qatar Masters op"]
[Site "Doha"]
[Date "2014.12.03"]
[Round "8"]
[White "Swiercz, Dariusz"]
[Black "Gomez, John Paul"]
[Result "1-0"]
[WhiteElo "2616"]
[BlackElo "2510"]
[Annotator "Swiercz,D"]
[PlyCount "77"]
[EventDate "2014.11.26"]
[EventType "swiss"]
[EventRounds "9"]
[EventCountry "QAT"]
[SourceTitle "CBM 164"]
[Source "ChessBase"]
[SourceDate "2015.01.15"]
[SourceVersion "1"]
[SourceVersionDate "2015.01.15"]
[SourceQuality "1"]

1. Nf3 Nf6 2. c4 c6 3. d4 d5 4. e3 Bf5 5. Nc3 e6 6. Nh4 Be4 7. f3 Bg6 8. Qb3
Qc7 9. Bd2 Be7 10. g3 {On the board we now have one of the well-known
positions in the Slav Defence. It has been tested many times by top level
players and in my opinion White is slightly better due to the advantage of the
pair of bishops which he is soon going to gain by Nxg6. On the other hand
Black's position is very solid and proving the advantage is not so easy.} a6 {
One of the possible moves. However other moves have also been tested:} (10...
O-O {is one I used myself in July 2014 in Biel and I managed to equalise.} 11.
Nxg6 (11. Rc1 Qd7 $5 {Gelfand - Giri, 2013}) 11... hxg6 12. Kf2 Rd8 13. Rc1 Qd7
14. Rc2 dxc4 15. Bxc4 c5 16. dxc5 Bxc5 17. Na4 Bd6 18. Rhc1 Qe7 19. Be1 Nc6 $13
{with unclear play.}) ({Other moves are} 10... Nbd7) ({and} 10... Bh5) 11. Rc1
dxc4 12. Bxc4 Nbd7 13. a4 ({Another move is} 13. Be2 {but I didn't want to
repeat my opponent's game from April:} e5 14. Nxg6 hxg6 15. d5 Nc5 16. Qc2 O-O
$142 $13 (16... e4 $6 {was in the game} 17. O-O exf3 18. Bxf3 O-O 19. dxc6 $16
{Vallejo Pons - Gomez})) 13... Rd8 14. Nxg6 {Sooner or later I would have to
take on g6 and now it was a good moment to do so in order to finish my
development.} (14. O-O $6 {would have been met by} Nc5 $1 15. Qd1 Bd3 {where
Black solves all his problems.}) 14... hxg6 15. O-O O-O 16. Ne4 $5 {An
interesting idea. The main point was to create some pressure on the f-file and
build a strong centre. Also, with this move I prevent the freeing ...e5.} ({
The character of the position is rather calm so I had many other possibilities.
One of them was} 16. a5 $5 {blocking the structure on the queenside.} e5 (16...
c5 17. Na4 {with unpleasant tension on the c-file.}) 17. Rfd1 $14) 16... Nxe4
17. fxe4 Bg5 {Black runs away from the threat Bxe6.} ({In my opinion there a
was better solution:} 17... Ne5 18. Be2 c5 $1 {undermining White's central
position was not so clear. I thought that after} 19. Rfd1 Nc6 20. dxc5 {
I am just a pawn up and if I reach b4 etc then it's a clear advantage. But the
point is that it's not so easy to do so...} Rd7 $1 21. Be1 (21. Qc2 a5 22. Bb5
Rfd8 $13) 21... Rxd1 22. Qxd1 Qe5 23. Qc2 a5 $13) 18. Be1 $6 {Played after a
long period of thought. And it spoils the advantage. The idea was to play h4
and run away from the pin on the d-file in order to have the e5-move in some
lines.} (18. Bb4 {was my first thought but it's not so good.} c5 $1 {And there
was the very tempting} 19. Rxf7 $5 {but White most probably doesn't get more
than a draw.} Kxf7 (19... Rxf7 $5 20. Bxe6 Rdf8 21. Rf1 cxb4 22. Bxf7+ Kh7 23.
e5 {is also very unclear}) 20. Bxe6+ Ke8 21. Bxd7+ Qxd7 22. Rxc5 Bf6 $13 {
with some completely unclear positions}) (18. Kg2 $1 {was the best. And I
wanted to play it but somehow I didn't like in some lines that my bishop on d2
is not protected.} c5 19. h4 Bf6 (19... Bh6 $2 20. g4 Nf6 21. Be2 Nxe4 22. Be1
$16 {with some real problems with the Bh6.}) 20. Be2 $1 {was correct play and
White kept the initiative.} (20. e5 {is not possible} Nxe5 $1 {(And I didn't
like it)}) 20... g5 (20... Qb8 21. Bc3 $16 {[%cal Ge4e5]}) 21. Be1 gxh4 22.
gxh4 $14) 18... Nf6 (18... c5 19. h4 Bh6 20. g4 {was my intention and I guess
my opponent was afraid of this.} (20. Rc2 $5 cxd4 21. exd4 Rc8 $13) 20... cxd4
$1 (20... g5 21. Rc2 $14) 21. g5 Nc5 $1 {but Black gets enough counterplay
there:} 22. Qc2 Bxg5 23. hxg5 Qe5 24. Qh2 (24. Qg2 Nxe4 $13) 24... Qxg5+ 25.
Qg3 Qxg3+ 26. Bxg3 Nxe4 $13) (18... Qb6 19. Rc3 $14) 19. h4 {It's better to
keep this bishop on h6 from where it can't get back to e7 in any case.} Bh6 20.
e5 Ng4 21. Bf2 (21. Rc3 {was leading to a very unclear position after} c5 $1
22. Be2 Nxe3 23. Rxe3 Bxe3+ 24. Qxe3 cxd4 $13 {but I thought I couldn't have
the better position there.}) 21... Qe7 22. Be2 Nxf2 23. Kxf2 f6 $11 {Black
manages to undermine my centre and with so much material left on the board the
position looks like close to being drawn.} 24. exf6 (24. Kg2 fxe5 25. Rxf8+
Rxf8 26. dxe5 Rf5 {looks quite drawish.}) 24... gxf6 25. Bc4 Rde8 26. Kg2 f5
27. Rce1 Kh7 28. e4 fxe4 $2 {A huge mistake after which White is clearly
better thanks to Black's weak king and e6-g6 pawn weaknesses.} (28... f4 {
was correct and the position was unclear (both kings are weakened) but still
was about equal.} 29. e5 b5 30. axb5 axb5 (30... cxb5 $5 31. Be2 $14) 31. Bd3
$13) (28... b5 {was also normal for Black.}) 29. Rxe4 $16 Rxf1 30. Bxf1 Qf7 31.
Be2 (31. Bd3 $1 {was even stronger but as I didn't have much time I wanted to
secure the f-file to be sure he could not enter with his pieces.}) 31... b5 (
31... Rf8 32. Bf3 $16) 32. Qc2 Rf8 33. Qxc6 {Now I was not I afraid. With Be2
I felt safer and I didn't see how my opponent can create any danger to my king.
} bxa4 (33... Qf2+ 34. Kh3 Qf5+ (34... Be3 35. Qc2 $16) 35. g4 Qf2 36. Rxe6
bxa4 (36... Bf4 37. Qg2 $18) 37. Qe4 $16) 34. Rxe6 Qf2+ 35. Kh3 Qxd4 $4 {
The decisive mistake, committed in big time trouble.} ({A more stubborn way was
} 35... Qf5+ 36. g4 Qf2 37. Qe4 Kh8 $8 {but White has a huge advantage one way
or another.} 38. Rxg6 Bf4 39. Qg2 $16) 36. Rxg6 Qd2 37. Qe4 Kh8 38. Bd3 Qe3 39.
Rg8+ 1-0